00522nam a2200145 a 450000100100000000500170001000800410002704000250006808200160009310000230010924500740013226000360020630000200024250001140026200002918620200930055401.0110412s1998 dr 000 0 spa d aDO-SdBNPbspacBNPHU axxxxbN127a1 aNadal Salas, Pablo13aEl administrador de empresas para el siglo XXI. /cPablo Nadal Salas. aSanto Domingo :bTiempo,c1998. a14 p. ;c22 cm. aConferencia en la Universidad Nacional Pedro Henríquez Ureña (UNPHU) dictada el día 23 de abril de 1997